Halo: All UNSC Vehicles - Statistics

General Stats
  • This quiz has been taken 255 times
  • The average score is 15 of 55
Answer Stats
Hint Answer % Correct
UNSC Vehicles Warthog
98%
UNSC Vehicles Scorpion
89%
UNSC Vehicles Mongoose
83%
UNSC Aircraft Pelican
82%
UNSC Aircraft Pelican Gunship
82%
UNSC Aircraft Hornet
66%
UNSC Aircraft Falcon
57%
UNSC Vehicles Rocket Warthog
52%
UNSC Spacecraft Frigate
50%
UNSC Vehicles Gauss Hog
49%
UNSC Vehicles Gungoose
48%
UNSC Spacecraft Infinity Class Supercarrier
47%
UNSC Aircraft Wasp
45%
UNSC Vehicles Elephant
44%
UNSC Spacecraft Halcyon Class Ship
42%
UNSC Vehicles Mammoth
38%
UNSC Spacecraft Longsword
35%
UNSC Vehicles Mantis
35%
UNSC Spacecraft Sabre
34%
UNSC Vehicles Razorback
30%
UNSC Vehicles Grizzly
27%
UNSC Vehicles Wolverine
24%
UNSC Aircraft Broadsword
22%
UNSC Aircraft Condor
22%
UNSC Aircraft Condor Gunship
22%
UNSC Vehicles Transport Warthog
21%
UNSC Aircraft Vulture
19%
UNSC Vehicles Cobra
18%
UNSC Aircraft ODST Drop Pod
17%
UNSC Aircraft Shortsword Bomber
17%
UNSC Vehicles Cyclops
16%
UNSC Aircraft Hawk
16%
UNSC Vehicles Jackrabbit
15%
UNSC Spacecraft Phoenix Class Support Ship
15%
UNSC Vehicles Rhino
15%
UNSC Vehicles Gremlin
13%
UNSC Vehicles Kodiak
13%
UNSC Aircraft Albatross
11%
UNSC Vehicles Mastodon
11%
UNSC Aircraft Nightingale
11%
UNSC Spacecraft Orbital Weapon Platform
8%
UNSC Aircraft Darter
7%
UNSC Aircraft Heron
7%
UNSC Spacecraft Prowler
7%
UNSC Vehicles Colossus
6%
UNSC Vehicles Flame Warthog
6%
UNSC Aircraft Frostraven
6%
UNSC Aircraft Kestrel
5%
UNSC Vehicles Bison
4%
UNSC Vehicles Frost Hog
4%
UNSC Aircraft Transport Hornet
4%
UNSC Vehicles Command Mantis
2%
UNSC Aircraft Drone Fighters
2%
UNSC Vehicles Flame Cyclops
2%
UNSC Vehicles Green Machine
2%
No matching quizzes found
Score Distribution
Percent of People with Each Score
Percentile by Number Answered
Your Score History
You have not taken this quiz